Entry Nombre personal
001 - NÚMERO DE CONTROL
- campo de control: 42077
003 - IDENTIFICADOR DE NÚMERO DE CONTROL
- campo de control: OSt
005 - FECHA Y HORA DE LA ÚLTIMA TRANSACCIÓN
- campo de control: 20250811160627.0
008 - ELEMENTOS DE DATO DE LONGITUD-FIJA
- campo de control de longitud fija: 030721 n acnnnaaan n bnn d
040 ## - FUENTE DE CATALOGACIÓN
- Centro catalogador/agencia de origen: OSt
- Centro/agencia transcriptor: OSt
100 1# - ENCABEZAMIENTO-NOMBRE DE PERSONA
- Nombre de persona: Cueto, Leopoldo Augusto de,
- Títulos y otros términos asociados al nombre: Marqués de Valmar,
- Fechas asociadas al nombre: 1815-1901
400 1# - TRAZADO DE VÉASE--NOMBRE DE PERSONA
- Nombre de persona: Cueto, Leopoldo Augusto de (
- Fechas asociadas al nombre: 1815-1901)
400 1# - TRAZADO DE VÉASE--NOMBRE DE PERSONA
- Nombre de persona: Cueto y Ortega, Leopoldo Augusto de (
- Fechas asociadas al nombre: 1815-1901)
400 1# - TRAZADO DE VÉASE--NOMBRE DE PERSONA
- Nombre de persona: Valmar, Leopoldo Augusto de Cueto, Marqués de (
- Fechas asociadas al nombre: 1815-1901)
